Lex konsolidácia III – novela zákona o dani z príjmov
Sadzby dane pre fyzické osoby a úpravy v nezdaniteľných častiach základu dane. Zavedenie osobitného základu dane z poplatkov za hazard. Zavedenie novej sadzby minimálnej dane z príjmov právnickej osoby vo výške 11 520 eur. Predĺženie odpočtu na investíciu do tzv. priemyslu 4.0 zo súčasných 6 rokov n...
Saved in:
| Main Author: | |
|---|---|
| Other Authors: | |
| Format: | Book Chapter |
| Language: | Slovak |
| Subjects: | |
| Tags: |
No Tags, Be the first to tag this record!
|
MARC
| LEADER | 00000naa a2200000 4500 | ||
|---|---|---|---|
| 001 | 0313022 | ||
| 005 | 20251104130455.7 | ||
| 041 | 0 | |a slo | |
| 044 | |a SK | ||
| 245 | 1 | 0 | |a Lex konsolidácia III – novela zákona o dani z príjmov |c Miroslava Brnová, Michaela Vidová |
| 520 | |a Sadzby dane pre fyzické osoby a úpravy v nezdaniteľných častiach základu dane. Zavedenie osobitného základu dane z poplatkov za hazard. Zavedenie novej sadzby minimálnej dane z príjmov právnickej osoby vo výške 11 520 eur. Predĺženie odpočtu na investíciu do tzv. priemyslu 4.0 zo súčasných 6 rokov na 9 rokov. Zmeny nadväzujúce na úpravy v dani z pridanej hodnoty týkajúce sa vybraných motorových vozidiel. | ||
| 610 | 2 | 0 | |a účtovníctvo daňové |
| 610 | 2 | 0 | |a dane z príjmov |
| 610 | 2 | 0 | |a sadzby daňové |
| 610 | 2 | 0 | |a hry hazardné |
| 610 | 2 | 0 | |a investície |
| 610 | 2 | 0 | |a dane z vozidiel motorových |
| 610 | 2 | 0 | |a zákony |
| 610 | 2 | 0 | |a novelizácia |
| 610 | 2 | 0 | |a konsolidácia |
| 100 | 1 | |a Brnová, Miroslava | |
| 700 | 1 | |a Vidová, Michaela | |